Регионална библиотека "Любен Каравелов" - Русе

Диктовки за I клас (Запис номер 203509)

MARC детайли
000 -Лидер
Контролно поле с фиксирана дължина 01224nam a2200349 c 4500
003 - Код на организацията, давaща контролен номер
Контролно поле BLK
005 - Дата и час на последна редакция
Контролно поле 20250220154345.0
008 - Елементи от данни с фиксирана дължина
fixed length control field 180411b bul|||||r ||||||| ||bul||
010 ## - Наследен системен номер
LC control number KNG00213038000
020 ## - Международен стандартен номер на книга ISBN
Международен стандартен номер на книга ISBN 978-954-01-3291-4
040 ## - Източник на каталожния запис
Идентификатор на билиотеката - собственик на записа BLK
041 ## - Код за език
Код за езика на текст/звукозапис или на отделно заглавие Български
Код за езика КДБФ Български
072 #7 - Код за тематичната категория
Код организация bullib
Код за тематична категория Н372
Текст Учебни предмети. Учебници Н
080 ## - УДК
Текстов определител УДК Писане
УДК код - определител по УДК 372.45
УДК определител (076)(075.2)
УДК - код + определител 372.45(076)(075.2)
100 ## - Редна дума - Автор
Автор Рангелова, Поли
Пълна форма на името Първанова, Поли Рангелова
R(LIN) 381362
139 ## - Редно поле
Редна дума Рангелова, Поли
Авторски знак Ранг - Р 35
245 10 - Сведения за заглавието
Заглавие Диктовки за I клас
Редно поле (дума) Поли Рангелова; * Поли Рангелова Първанова.
257 ## - Страна на издаване
Страна на създаване/издаване България
260 ## - Област на издателските данни
Име на издателя, разпространителя и проч. Просвета
Година на издаване 2017
Печатница София : Дедракс
300 ## - Физическа характеристика
Страници 44 с.
Размери/Мащаб 21 см
380 ## - Жанр
Жанр Обществени науки
650 #4 - Допълнително описание по предмет – тема
Основно описание – тема или топоним Писане
9 (RLIN) 166322
659 ## - Тематичен бюлетин
Тематичен бюлетин Н
700 1# - Други автори (авторска отговорност)
Лично име Първанова, Поли Рангелова
Автороска отговорност (Описва отношението между автора и произведението) *
9 (RLIN) 384692
852 ## - Местоположение
Форматна сигнатура Цб 287463
856 4# - Електронен адрес и достъп
Електронен формат pdf - файл
856 4# - Електронен адрес и достъп
Електронен формат pdf - файл
999 ## - СИСТЕМНИ КОНТРОЛНИ НОМЕРА
Koha biblionumber 203509
Koha biblioitemnumber 203509
942 ## - АРТИКУЛИ
Вид на библиотечния материал Книги
Скрит в OPAC Не
Koha issues (borrowed), all copies 12
944 ## - СЪЗДАВАНЕ И РЕДАКЦИЯ на ЗАПИСА
Създаване/Редакция Създаване
Дата на регистрацията/редакция 11.10.2017
Служител, извършил регистрацията/редакцията 30537
Статус, дата на статуса Грета Цуфелде
944 ## - СЪЗДАВАНЕ И РЕДАКЦИЯ на ЗАПИСА
Създаване/Редакция Редакция
Дата на регистрацията/редакция 16.11.2017
Служител, извършил регистрацията/редакцията Грета_Цуфелде
999 ## - СИСТЕМНИ КОНТРОЛНИ НОМЕРА
Koha biblioitemnumber 203509
Наличности
Код за отписване Код за изгубен артикул Код за повреда Коз за рестрикции Код за отдаване Артикулен № Име на библиотеката - собственик Име на библиотеката, в която се намира в момента Статус (Текущо местоположение) Дата на вписване в системата Местоположение - отдел Цена в лева Инвентарен номер Систематично азбучна сигнатура Баркод Номер на екземпляра Цена в евро Служебна бележка Служебен тип на артикула Източник на класификационната схема
  Не е изгубен Не е повреден без рестрикции ползва се в читалня 351411 Регионална библиотека "Любен Каравелов" Русе Регионална библиотека "Любен Каравелов" Русе Хранилище 2017-10-10 Хранилище 3.90 120000815745 Цб 287463 120000815745 1 1.99 Дост: Dp Вид: Д N: 35 Дата: 28.07.2017 Книги  
  Не е изгубен Не е повреден без рестрикции заемане за дома 681773 Регионална библиотека "Любен Каравелов" Русе Регионална библиотека "Любен Каравелов" Русе Детски отдел 2018-10-31 Детски отдел 3.12 120000825435 ДН 373.3.016:81'36/Р 35 П 120000825435   1.60   Книги Universal Decimal Classification
  Не е изгубен Не е повреден без рестрикции заемане за дома 681774 Регионална библиотека "Любен Каравелов" Русе Регионална библиотека "Любен Каравелов" Русе Детски отдел 2018-10-31 Детски отдел 3.12 120000825436 ДН 373.3.016:81'36/Р 35 П 120000825436   1.60   Книги Universal Decimal Classification
Vip Innovations Ltd, Rousse, Bulgaria 2025